<?xml version="1.0" encoding="UTF-8"?>
<record
    xmlns:xsi="http://www.w3.org/2001/XMLSchema-instance"
    xsi:schemaLocation="http://www.loc.gov/MARC21/slim http://www.loc.gov/standards/marcxml/schema/MARC21slim.xsd"
    xmlns="http://www.loc.gov/MARC21/slim">

  <leader>00611nam a2200181Ia 4500</leader>
  <controlfield tag="001">11865</controlfield>
  <controlfield tag="003">GE_BSU</controlfield>
  <controlfield tag="008">181216s||||||||xx |||||||||||||| ||und||</controlfield>
  <datafield tag="040" ind1=" " ind2=" ">
    <subfield code="c">GE_BSU</subfield>
  </datafield>
  <datafield tag="245" ind1=" " ind2=" ">
    <subfield code="a">&#x41C;&#x438;&#x440;&#x43E;&#x432;&#x430;&#x44F; &#x44D;&#x43A;&#x43E;&#x43D;&#x43E;&#x43C;&#x438;&#x43A;&#x430; &#x438; &#x43C;&#x435;&#x436;&#x434;&#x443;&#x43D;&#x430;&#x440;&#x43E;&#x434;&#x43D;&#x44B;&#x435; &#x43E;&#x442;&#x43D;&#x43E;&#x448;&#x435;&#x43D;&#x438;&#x44F;.&#x2116;8. 2014</subfield>
  </datafield>
  <datafield tag="245" ind1=" " ind2=" ">
    <subfield code="b">&#x41E;&#x441;&#x43D;&#x43E;&#x432;&#x430;&#x43D; &#x432; &#x438;&#x44E;&#x43B;&#x435; 1957&#x433;. &#x412;&#x44B;&#x445;&#x43E;&#x434;&#x438;&#x442; 12 &#x440;&#x430;&#x437; &#x432; &#x433;&#x43E;&#x434;</subfield>
  </datafield>
  <datafield tag="245" ind1=" " ind2=" ">
    <subfield code="c">&#x413;&#x43B;.&#x440;&#x435;&#x434;.&#x410;.&#x412;.&#x420;&#x44F;&#x431;&#x43E;&#x432;</subfield>
  </datafield>
  <datafield tag="260" ind1=" " ind2=" ">
    <subfield code="a">&#x41C;&#x43E;&#x441;&#x43A;&#x432;&#x430;</subfield>
  </datafield>
  <datafield tag="260" ind1=" " ind2=" ">
    <subfield code="c">2014</subfield>
  </datafield>
  <datafield tag="300" ind1=" " ind2=" ">
    <subfield code="a">126&#x441;&#x442;&#x440;.29&#x441;&#x43C;.</subfield>
  </datafield>
  <datafield tag="653" ind1=" " ind2=" ">
    <subfield code="a">&#x41C;&#x438;&#x440;&#x43E;&#x432;&#x430;&#x44F; &#x44D;&#x43A;&#x43E;&#x43D;&#x43E;&#x43C;&#x438;&#x43A;&#x430; &#x438; &#x43C;&#x435;&#x436;&#x434;&#x443;&#x43D;&#x430;&#x440;&#x43E;&#x434;&#x43D;&#x44B;&#x435; &#x43E;&#x442;&#x43D;&#x43E;&#x448;&#x435;&#x43D;&#x438;&#x44F;</subfield>
  </datafield>
  <datafield tag="942" ind1=" " ind2=" ">
    <subfield code="c">CR</subfield>
  </datafield>
  <datafield tag="999" ind1=" " ind2=" ">
    <subfield code="c">45044</subfield>
    <subfield code="d">45044</subfield>
  </datafield>
  <datafield tag="952" ind1=" " ind2=" ">
    <subfield code="0">0</subfield>
    <subfield code="1">0</subfield>
    <subfield code="4">0</subfield>
    <subfield code="7">0</subfield>
    <subfield code="9">58906</subfield>
    <subfield code="d">2018-12-17</subfield>
    <subfield code="p">&#x420;76497</subfield>
    <subfield code="r">2018-12-17</subfield>
    <subfield code="w">2018-12-17</subfield>
    <subfield code="y">CR</subfield>
  </datafield>
</record>
